Γλωσσική διδασκαλία και σύσταση των κειμένων

Αποθηκεύτηκε σε:
Λεπτομέρειες βιβλιογραφικής εγγραφής
Κύριος συγγραφέας: Αρχάκης, Αργύρης
Μορφή: Βιβλίο
Γλώσσα:Greek
Δημοσίευση: [Αθήνα] : Πατάκης, [2005].
Σειρά:Θεωρητικές επιστήμες. Γλωσσολογία.
Θέματα:
Ετικέτες: Προσθήκη ετικέτας
Δεν υπάρχουν, Καταχωρήστε ετικέτα πρώτοι!

MARC

LEADER 00000cam a2200000 i 4500
001 1/53315
008 070830r20052013gr ||| ||gre||
020 |a 9789601615790 
020 |a 9601615792 
035 |l 10090253 
040 |a GR-MY-UA  |b gre  |e aacr 
041 0 |a gre 
082 0 |a 372.62   |2 (22) 
100 1 |a Αρχάκης, Αργύρης. 
245 1 0 |a Γλωσσική διδασκαλία και σύσταση των κειμένων /   |c Αργύρης Αρχάκης.  
260 |a [Αθήνα] :   |b Πατάκης,   |c [2005].  
300 |a 217 σ. ;   |c 20 εκ. 
490 1 |a (Θεωρητικές επιστήμες / Γλωσσολογία).  
500 |a Το 2ο αντίτυπο του παραρτήματος Ρόδου είναι 5η έκδοση και το 3ο αντίτυπο είναι η αναθεωρημένη έκδοση του 2013.  
504 |a Βιβλιογραφία: σ. [191]-208. Ευρετήριο.  
650 0 0 |a Language and languages  |x Style. 
650 0 0 |a Discourse analysis. 
650 0 0 |a Discourse analysis, Literary. 
650 0 0 |a Language  |x Study and teaching. 
830 0 |a Θεωρητικές επιστήμες.   |p Γλωσσολογία. 
852 |a INST  |b LESVOS  |e 20081201  |h 372.62 ΑΡΧ  |p 005100043587  |q 005100043587  |t BK  |y 4  |x 20210318 
852 |a INST  |b RHODES  |e 20070830  |h 372.62 ΑΡΧ  |p 005400026104  |q 005400026104  |t BK  |y 0 
852 |a INST  |b RHODES  |c EUDOXUS  |e 20111012  |h 372.62 ΑΡΧ  |p 005400033706  |q 005400033706  |t EDX  |y 0 
852 |a INST  |b RHODES  |c EUDOXUS  |e 20160415  |h 372.62 ΑΡΧ  |p 005400038346  |q 005400038346  |t EDX  |y 0 
901 |a BIBL4-2007-2 
901 |a BIBL1-2008-3 
901 |a BIBL4-2011-3 
909 |a Ρ  |b 136328 
909 |a Ρ  |b 170349 
909 |a Λ  |b 157439 
920 |a Εύδοξος  |b Επιστροφή  |y Ρόδος  |z 2016-04 
920 |a Εύδοξος  |b Επιστροφή  |y Ρόδος  |z 2011-10 
922 |a 4ΕΛΗ  |b 200707  |c ΕΠΕΑΕΚ2/ΠΤΔΕ  |d Σ. Πατάκης 
970 |a Χαριοπολίτου  |b Κωνσταντίνα  |z 2007/08/30